|
|
|
|
| LEADER |
00000nab a2200000 a 4500 |
| 001 |
vtls001030704 |
| 003 |
SK-MaSNL |
| 005 |
20260303035720.0 |
| 008 |
040720e20020613xo 0 slo |
| 035 |
|
|
|a SL9258
|
| 040 |
|
|
|a SLLK
|b slo
|c SLLK
|e AACR2
|
| 041 |
0 |
|
|a slo
|
| 044 |
|
|
|a xo
|c SK
|
| 080 |
|
|
|a 628.14
|2 1981
|
| 100 |
0 |
|
|a (laf)
|4 aut
|9 1022716
|
| 245 |
1 |
0 |
|a Výkopové práce už v jeseni
|b dobré chýry spod Troch korún
|
| 610 |
2 |
7 |
|a Pitná voda pre Pieniny (Zamagurie, Slovensko : záujmové združenie))
|2 SLLK
|9 1022853
|
| 650 |
0 |
7 |
|a voda pitná
|2 SLLK
|9 876771
|
| 650 |
0 |
7 |
|a vodovody
|2 SLLK
|9 29351
|
| 650 |
0 |
7 |
|a výstavba
|2 SLLK
|9 29373
|
| 651 |
|
7 |
|a Zamagurie (Slovensko : región)
|2 SLLK
|9 86456
|
| 651 |
|
7 |
|a SL,
|2 SLLK
|9 1022390
|
| 655 |
|
7 |
|a periodikum
|2 snkbucl
|9 29553
|
| 710 |
2 |
|
|a Pitná voda pre Pieniny (Zamagurie, Slovensko : záujmové združenie))
|4 aut
|9 1022853
|
| 773 |
0 |
8 |
|t Ľubovnianske noviny
|g Roč. 28, č.24, 13.6.2002, s. 2
|
| 852 |
|
|
|a ZVYKNI
|b KIS3GCP
|
| 999 |
|
|
|c 1678613
|d 1680543
|